[Event "Najdorf Mem Open A 2016"]
[Site "Warsaw POL"]
[Date "2016.07.08"]
[Round "1.24"]
[White "Polok, Kacper"]
[Black "Gajewski, Grzegorz"]
[Result "0-1"]
[WhiteTitle "FM"]
[BlackTitle "GM"]
[WhiteElo "2292"]
[BlackElo "2605"]
[WhiteFideId "1137158"]
[BlackFideId "1116207"]
[EventDate "2016.07.08"]

1. e4 c5 2. Nf3 e6 3. d4 cxd4 4. Nxd4 a6 5. Bd3 Bc5 6. Nb3 Be7 7. O-O d6 8. c4
Nf6 9. Nc3 Nbd7 10. f4 Qc7 11. Qe2 b6 12. Kh1 Bb7 13. Nd4 h5 14. f5 Nc5 15. fxe6
fxe6 16. e5 dxe5 17. Bg6+ Kd7 18. Nf3 Raf8 19. Nxe5+ Kc8 20. b4 Ng4 21. Nf3 Rxf3
22. gxf3 Rf8 23. Kg1 Bd6 24. Be3 Nxe3 25. Qxe3 Bxh2+ 26. Kh1 Qg3 27. Ne2 Qh3 28.
Ng1 Bxg1+ 29. Kxg1 Qg3+ 30. Kh1 Rxf3 0-1

[Event "Najdorf Mem Open A 2016"]
[Site "Warsaw POL"]
[Date "2016.07.08"]
[Round "1.25"]
[White "Hracek, Zbynek"]
[Black "De Marchi, Olivier"]
[Result "1/2-1/2"]
[WhiteTitle "GM"]
[BlackTitle "FM"]
[WhiteElo "2605"]
[BlackElo "2286"]
[WhiteFideId "300071"]
[BlackFideId "613517"]
[EventDate "2016.07.08"]

1. e4 c5 2. Nf3 g6 3. c4 Nc6 4. d4 cxd4 5. Nxd4 Nf6 6. Nc3 d6 7. Be2 Nxd4 8.
Qxd4 Bg7 9. Be3 O-O 10. Qd2 a5 11. Rd1 Be6 12. f3 a4 13. Nb5 Qa5 14. Nd4 Nd7 15.
Rc1 Rfc8 16. Qxa5 Rxa5 17. Kd2 Nc5 18. Rc3 f5 19. exf5 Bxf5 20. Ra3 Ra6 21. Nxf5
gxf5 22. Rb1 Rcc6 23. Bd3 Nxd3 24. Kxd3 Kf7 25. g4 e6 26. gxf5 exf5 27. b4 axb3
28. Raxb3 b6 29. Rxb6 Rcxb6 30. Rxb6 Ra3+ 31. Rb3 Rxa2 32. Rb7+ Kg8 33. Bf4 Ra3+
34. Ke2 Ra2+ 35. Ke3 Ra3+ 36. Kf2 Ra4 37. Bxd6 Rxc4 38. Kg3 Rc6 39. Bf4 Rg6+ 40.
Kh4 Bh6 41. Be5 Be3 42. Kh3 Rh6+ 43. Kg2 Rg6+ 44. Kf1 f4 45. h4 Re6 46. Rg7+ Kf8
47. Rg5 Kf7 48. h5 Rb6 49. Bc3 h6 50. Rg7+ Kf8 51. Rh7 Rc6 52. Be5 Kg8 53. Rg7+
Kf8 54. Rg4 Rc2 55. Ke1 Rf2 56. Bxf4 Rxf3 57. Bd6+ Kf7 1/2-1/2

[Event "Najdorf Mem Open A 2016"]
[Site "Warsaw POL"]
[Date "2016.07.08"]
[Round "1.26"]
[White "Martin, Julian"]
[Black "Socko, Bartosz"]
[Result "1/2-1/2"]
[BlackTitle "GM"]
[WhiteElo "2280"]
[BlackElo "2599"]
[WhiteFideId "12941000"]
[BlackFideId "1107038"]
[EventDate "2016.07.08"]

1. e4 e6 2. d4 d5 3. Nd2 c5 4. exd5 exd5 5. Ngf3 c4 6. b3 cxb3 7. axb3 Nf6 8.
Bd3 Nc6 9. O-O Be7 10. Re1 O-O 11. c3 Bg4 12. Nf1 Re8 13. h3 Bh5 14. Ng3 Bg6 15.
Bf4 Bd6 16. Rxe8+ Nxe8 17. Ne5 Qc7 18. Nxg6 hxg6 19. Bxd6 Nxd6 20. Qf3 Ne7 21.
c4 dxc4 22. bxc4 Nc6 23. Qf4 Nb5 24. Qxc7 Nxc7 25. Be4 a5 26. d5 Nd8 27. Ne2 f5
28. d6 Nce6 29. Bd5 Kf8 30. Nc3 Nc5 31. Nb5 a4 32. Nc7 Rb8 33. Re1 Nc6 34. d7
Nxd7 35. Ne6+ Ke7 36. Nc5+ Kd6 37. Nxa4 Nc5 38. Nc3 Nd4 39. Rd1 Ncb3 40. Bf7 Rf8
41. Bd5 Rb8 42. Bf7 g5 43. g4 fxg4 1/2-1/2

[Event "Najdorf Mem Open A 2016"]
[Site "Warsaw POL"]
[Date "2016.07.08"]
[Round "1.27"]
[White "Mista, Aleksander"]
[Black "Adamski, Jan"]
[Result "1-0"]
[WhiteTitle "GM"]
[BlackTitle "IM"]
[WhiteElo "2584"]
[BlackElo "2279"]
[WhiteFideId "1110381"]
[BlackFideId "1100190"]
[EventDate "2016.07.08"]

1. e4 c5 2. Nf3 a6 3. Nc3 b5 4. d4 cxd4 5. Nxd4 Bb7 6. Bd3 e6 7. O-O Nc6 8. Nxc6
Bxc6 9. Re1 Bc5 10. a4 b4 11. Nd5 Ne7 12. Be3 Bxe3 13. Nxe3 O-O 14. Qh5 Ng6 15.
Qc5 Qe7 16. Qxe7 Nxe7 17. a5 d5 18. exd5 Nxd5 19. Nxd5 Bxd5 20. f3 Rfc8 21. b3
Rc3 22. Red1 Bc6 23. Kf2 Kf8 24. Ra2 Ke7 25. Bc4 Bb7 26. Rd4 Rd8 27. Rxd8 Kxd8
28. Ke2 Kc7 29. Kd2 Kd6 30. Ra1 g5 31. Rd1 h5 32. Kc1+ Kc7 33. h4 gxh4 34. Rh1
Re3 35. Rxh4 Re5 36. Rf4 Rxa5 37. Rxf7+ Kb6 38. Bxe6 Rg5 39. Bh3 Bd5 40. Rf6+
Kb5 41. Kd2 a5 42. Rf5 Rxf5 43. Bxf5 Kc5 44. Ke3 Bc6 45. g3 a4 46. bxa4 Bxa4 47.
Bg6 Kc4 48. Kd2 h4 49. gxh4 Kd4 50. f4 Kd5 51. h5 Ke6 52. h6 Kf6 53. h7 Kg7 54.
f5 b3 55. f6+ 1-0

[Event "Najdorf Mem Open A 2016"]
[Site "Warsaw POL"]
[Date "2016.07.08"]
[Round "1.28"]
[White "Harazinska, Ewa"]
[Black "Tomczak, Jacek"]
[Result "0-1"]
[WhiteTitle "WFM"]
[BlackTitle "GM"]
[WhiteElo "2279"]
[BlackElo "2583"]
[WhiteFideId "1118374"]
[BlackFideId "1124668"]
[EventDate "2016.07.08"]

1. d4 Nf6 2. c4 e6 3. Nc3 Bb4 4. Qc2 d5 5. cxd5 exd5 6. a3 Bxc3+ 7. bxc3 c5 8.
Nf3 Qc7 9. e3 cxd4 10. Nxd4 Nc6 11. Bd3 O-O 12. O-O Ne5 13. a4 Bd7 14. Nb5 Bxb5
15. Bxb5 Ne4 16. Bb2 Rac8 17. Rad1 Rfd8 18. Bd3 Nxd3 19. Rxd3 Nc5 20. Rd4 Ne6
21. Rh4 h6 22. Qf5 Qe7 23. Rg4 Rc4 24. Rd1 g6 25. h3 Ng5 26. Qd3 Ne4 27. f3 f5
28. fxe4 fxg4 29. exd5 Qe4 30. hxg4 Rxa4 31. Qxe4 Rxe4 32. Kf2 Rde8 33. d6 Rf8+
34. Kg1 Rd8 35. Kf2 Rxg4 36. Ba3 Kf7 37. Kf3 Rc4 38. Rd3 Ke6 39. e4 b6 40. Ke3
Ra4 41. c4 Rxc4 42. Rb3 a6 43. Kd3 b5 0-1

[Event "Najdorf Mem Open A 2016"]
[Site "Warsaw POL"]
[Date "2016.07.08"]
[Round "1.29"]
[White "Donchenko, Alexander"]
[Black "Hacker, Jonas"]
[Result "1-0"]
[WhiteTitle "GM"]
[BlackTitle "FM"]
[WhiteElo "2583"]
[BlackElo "2275"]
[WhiteFideId "24603295"]
[BlackFideId "1270968"]
[EventDate "2016.07.08"]

1. Nf3 Nf6 2. c4 c6 3. d4 d5 4. Qc2 dxc4 5. Qxc4 Bf5 6. g3 Nbd7 7. Bg2 e6 8. O-O
Be7 9. e3 O-O 10. Rd1 Qc7 11. Nc3 e5 12. e4 Bg4 13. Be3 exd4 14. Bxd4 Bxf3 15.
Bxf3 Ne5 16. Qe2 Nxf3+ 17. Qxf3 Rad8 18. Rac1 Qa5 19. a3 Nd7 20. Qe2 Bf6 21.
Bxf6 Nxf6 22. e5 Nd5 23. Ne4 Rfe8 24. Qh5 Re7 25. Nf6+ gxf6 26. exf6 Re4 27. Qf5
Re6 28. b4 Qb6 29. Qg5+ Kf8 30. Qg7+ Ke8 31. Re1 Rxe1+ 32. Rxe1+ Kd7 33. Qxf7+
Kc8 34. Qe6+ Kb8 35. f7 Qc7 36. Qe8 1-0

[Event "Najdorf Mem Open A 2016"]
[Site "Warsaw POL"]
[Date "2016.07.08"]
[Round "1.30"]
[White "Thorarinsson, Pall A."]
[Black "Lalith, Babu M R"]
[Result "0-1"]
[BlackTitle "GM"]
[WhiteElo "2274"]
[BlackElo "2565"]
[WhiteFideId "2300923"]
[BlackFideId "5024595"]
[EventDate "2016.07.08"]

1. Nf3 Nf6 2. c4 b6 3. Nc3 Bb7 4. d4 e6 5. a3 d5 6. cxd5 Nxd5 7. Qc2 Nxc3 8.
bxc3 Nd7 9. e4 c5 10. Bd3 Rc8 11. Qe2 Bd6 12. O-O O-O 13. a4 Re8 14. a5 bxa5 15.
Ba6 Qb6 16. Bxb7 Qxb7 17. Rxa5 cxd4 18. cxd4 Bb4 19. Ra6 Nf6 20. Qa2 Ra8 21. e5
Nd5 22. Be3 Rec8 23. h4 h6 24. h5 Rc7 25. Qe2 Nxe3 26. fxe3 Qe4 27. Ra2 Rc3 28.
Nd2 Qxe3+ 29. Qxe3 Rxe3 30. Nc4 Re4 31. Nb6 Rb8 0-1

[Event "Najdorf Mem Open A 2016"]
[Site "Warsaw POL"]
[Date "2016.07.08"]
[Round "1.31"]
[White "Macieja, Bartlomiej"]
[Black "Paszewski, Mateusz"]
[Result "1-0"]
[WhiteTitle "GM"]
[WhiteElo "2557"]
[BlackElo "2270"]
[WhiteFideId "1104306"]
[BlackFideId "1141058"]
[EventDate "2016.07.08"]

1. e4 c5 2. Nf3 Nc6 3. Nc3 g6 4. d4 cxd4 5. Nxd4 Bg7 6. Be3 Nf6 7. Bc4 O-O 8.
Bb3 d6 9. f3 Bd7 10. Qd2 Rc8 11. O-O-O Nxd4 12. Bxd4 b5 13. Nd5 Nxd5 14. Bxg7
Kxg7 15. exd5 a5 16. a3 Kg8 17. Rhe1 Rc5 18. Qe3 Qc7 19. Re2 Rc8 20. Rdd2 Qb6
21. Qxe7 Be8 22. Qe4 Bd7 23. Qf4 a4 24. Ba2 Bf5 25. c3 b4 26. axb4 Rb5 27. Rd4
a3 28. g4 axb2+ 29. Kxb2 Qa6 30. gxf5 Ra5 31. Bc4 Ra2+ 32. Bxa2 Ra8 33. Bc4 Qa1+
34. Kc2 Ra2+ 35. Bxa2 Qxa2+ 36. Kd1 Qb1+ 37. Kd2 1-0

[Event "Najdorf Mem Open A 2016"]
[Site "Warsaw POL"]
[Date "2016.07.08"]
[Round "1.32"]
[White "Molenda, Marcin"]
[Black "Rozentalis, Eduardas"]
[Result "0-1"]
[BlackTitle "GM"]
[WhiteElo "2267"]
[BlackElo "2552"]
[WhiteFideId "1173065"]
[BlackFideId "12800023"]
[EventDate "2016.07.08"]

1. d4 Nf6 2. Nf3 b6 3. c4 Bb7 4. Nc3 e6 5. a3 d5 6. Qa4+ Qd7 7. Qxd7+ Nbxd7 8.
Nb5 Bd6 9. Nd2 Ke7 10. cxd5 exd5 11. Nxd6 cxd6 12. e3 Rhc8 13. Bd3 Rc7 14. b3 a5
15. a4 Rac8 16. Ke2 Rc3 17. Bb5 Nb8 18. f3 Nc6 19. Bb2 Rc2 20. Rab1 Nb4 21. Ba3
Na2 22. Rb2 Nc3+ 23. Kd3 Rxb2 24. Bxb2 Nxb5 25. axb5 Ne8 26. Nb1 Nc7 27. Nc3
Nxb5 28. Nxb5 Ba6 29. Rc1 Rxc1 30. Bxc1 Bxb5+ 31. Kd2 Bf1 32. g3 b5 33. e4 Ke6
34. Ke3 b4 35. Bd2 Bg2 36. Kf2 Bh1 37. exd5+ Kxd5 38. Be3 Kc6 39. Bf4 d5 40. Bc1
Kb5 41. Ke2 a4 42. bxa4+ Kxa4 43. f4 Kb3 44. Kd2 Be4 0-1

[Event "Najdorf Mem Open A 2016"]
[Site "Warsaw POL"]
[Date "2016.07.08"]
[Round "1.33"]
[White "Sengupta, Deep"]
[Black "Gumularz, Szymon"]
[Result "1/2-1/2"]
[WhiteTitle "GM"]
[WhiteElo "2551"]
[BlackElo "2267"]
[WhiteFideId "5008352"]
[BlackFideId "1188062"]
[EventDate "2016.07.08"]

1. e4 e5 2. Nf3 Nc6 3. Bc4 Bc5 4. O-O Nf6 5. d3 d6 6. c3 a6 7. Bb3 Ba7 8. Nbd2
O-O 9. h3 Ne7 10. Re1 Ng6 11. Nf1 Nh5 12. d4 Nhf4 13. Be3 Qf6 14. Ng3 Be6 15.
Kh2 Nh4 16. Nxh4 Qxh4 17. Qf3 g6 18. Kg1 Bxb3 19. axb3 Ne6 20. dxe5 Bxe3 21.
Qxe3 dxe5 22. Ra5 Qf6 23. Rd5 Rfd8 24. Red1 Nf4 25. Rd7 Rxd7 26. Rxd7 Ne6 27.
Nf1 Rd8 28. Rxd8+ Qxd8 29. Qa7 Qd1 30. Qxb7 Nf4 31. Qc8+ Kg7 32. g3 Nd3 33. Qxc7
Qe2 34. Qb6 Ne1 35. Ne3 Nf3+ 36. Kg2 Ne1+ 37. Kg1 Nf3+ 38. Kh1 Qxb2 39. Nd5 Qb1+
40. Kg2 Ne1+ 41. Kf1 Nf3+ 42. Kg2 Ne1+ 43. Kf1 Nf3+ 1/2-1/2

[Event "Najdorf Mem Open A 2016"]
[Site "Warsaw POL"]
[Date "2016.07.08"]
[Round "1.34"]
[White "Reza, Wojciech"]
[Black "Sadzikowski, Daniel"]
[Result "0-1"]
[BlackTitle "IM"]
[WhiteElo "2266"]
[BlackElo "2551"]
[WhiteFideId "1151967"]
[BlackFideId "1132253"]
[EventDate "2016.07.08"]

1. e4 e5 2. Nf3 Nc6 3. Bb5 a6 4. Ba4 Nf6 5. Bxc6 dxc6 6. d3 Nd7 7. Nbd2 Bb4 8.
O-O O-O 9. c3 Bd6 10. d4 exd4 11. cxd4 Nb6 12. Nb3 f5 13. Bg5 Be7 14. Bxe7 Qxe7
15. exf5 Bxf5 16. Nc5 Nd5 17. Qd2 Bh3 18. Rfe1 Qd6 19. Ne5 Nf4 20. Ne4 Qh6 21.
gxh3 Nxh3+ 22. Kh1 Nxf2+ 23. Kg2 Rf4 24. Ng3 Raf8 25. Rf1 Qd6 26. h3 Qh6 27.
Rxf2 Rxf2+ 28. Qxf2 Rxf2+ 29. Kxf2 Qd2+ 30. Ne2 Qxb2 31. Rf1 Qxa2 32. Ke3 Qb3+
33. Ke4 Qd5+ 34. Ke3 c5 35. Rf5 g6 36. Rg5 Qb3+ 37. Kf4 Qb2 38. Rg2 cxd4 39. Ke4
Qb1+ 40. Kxd4 Qf1 41. Rh2 a5 42. Kd5 a4 43. Nd4 a3 44. Rc2 c6+ 45. Ke6 Qa1 46.
Nf5 Qb2 47. Ne3 Qb3+ 48. N5c4 a2 0-1

[Event "Najdorf Mem Open A 2016"]
[Site "Warsaw POL"]
[Date "2016.07.08"]
[Round "1.35"]
[White "Svane, Rasmus"]
[Black "Nowak, Lukasz2"]
[Result "1-0"]
[WhiteTitle "IM"]
[WhiteElo "2549"]
[BlackElo "2263"]
[WhiteFideId "4657101"]
[BlackFideId "1166760"]
[EventDate "2016.07.08"]

1. Nf3 Nf6 2. c4 g6 3. Nc3 Bg7 4. e4 d6 5. d4 O-O 6. Be2 e5 7. O-O Nc6 8. dxe5
dxe5 9. Bg5 h6 10. Qxd8 Rxd8 11. Bxf6 Bxf6 12. Nd5 Bg7 13. Nxc7 Rb8 14. Rfd1 Bg4
15. Kf1 Bxf3 16. Bxf3 Nd4 17. Rac1 h5 18. Nd5 Bf8 19. b4 a5 20. a3 axb4 21. axb4
Ra8 22. Ra1 Nc2 23. Rab1 Nd4 24. c5 Ra2 25. Nb6 Bh6 26. Rd3 Rd2 27. Rxd2 Bxd2
28. Be2 Nxe2 29. Kxe2 Rd4 30. Rd1 Bxb4 31. Rxd4 exd4 32. Nd7 f6 33. Kd3 Kf7 34.
Kxd4 Ke6 35. Nb6 g5 36. Nd5 Be1 37. f3 h4 38. Nc7+ Kd7 39. Nb5 Ke6 40. Nc7+ Kd7
41. Nd5 Ke6 42. Kc4 Bf2 43. Nb4 Bg1 44. h3 Be3 45. Nd3 Bg1 46. Kb5 Kd7 47. Kb6
Kc8 48. Nb4 Kd7 49. Nd3 Kc8 50. Nb2 Bh2 51. Nc4 Bc7+ 52. Kb5 Kd7 53. Nb2 Bh2 54.
Nd3 Bg1 55. Kc4 Ke6 56. Kb4 Kd7 57. Kb5 Be3 58. Nb2 Kc7 59. Kc4 Kc6 60. Nd3 b5+
61. cxb6 Bxb6 62. e5 Be3 63. exf6 Kd6 64. Ne5 Bc1 65. f7 Ke7 66. Kd5 Ba3 67. Ke4
Ke6 68. f4 gxf4 69. Kxf4 Bd6 70. Ke4 1-0

[Event "Najdorf Mem Open A 2016"]
[Site "Warsaw POL"]
[Date "2016.07.08"]
[Round "1.36"]
[White "Bartel, Marta"]
[Black "Kanarek, Marcel"]
[Result "1/2-1/2"]
[WhiteTitle "WGM"]
[BlackTitle "IM"]
[WhiteElo "2260"]
[BlackElo "2548"]
[WhiteFideId "1123009"]
[BlackFideId "1126822"]
[EventDate "2016.07.08"]

1. d4 Nf6 2. Nf3 g6 3. c4 Bg7 4. Nc3 d6 5. Bg5 h6 6. Bh4 g5 7. Bg3 Nh5 8. e3 c5
9. d5 Qa5 10. Qb3 Nd7 11. Be2 Nxg3 12. hxg3 Ne5 13. Nxe5 Bxe5 14. f4 Bg7 15. Kf2
Qb4 16. Qc2 Bd7 17. Rab1 O-O-O 18. Nb5 Bxb5 19. cxb5 Kb8 20. a3 Qa5 21. Qf5 Bf6
22. Qd3 Rc8 23. Qc4 Rcg8 24. Qd3 Rg7 25. b4 cxb4 26. Rxb4 Rc8 27. Rc4 Rxc4 28.
Qxc4 Qxa3 29. Rc1 Qc5 30. Qxc5 dxc5 31. Rxc5 Rg8 32. Bh5 gxf4 33. gxf4 Bh4+ 34.
Kf3 Rg3+ 35. Ke4 f5+ 36. Kxf5 Rxe3 37. g4 Bf2 38. Rc2 Bh4 39. Rc4 a6 40. bxa6
bxa6 41. Rc6 a5 42. Rxh6 Be1 43. Be8 Rf3 44. Re6 Bd2 45. Re4 Kc8 46. g5 Kd8 47.
Ba4 Rg3 48. Rc4 Rd3 49. g6 Rg3 50. Bd1 Ke8 51. d6 exd6 52. Rd4 Bb4 53. Bh5 Kf8
54. Re4 Rg1 55. Re8+ Kg7 56. Re7+ Kf8 57. Rc7 Bc5 58. Rc8+ Kg7 59. Rc7+ Kf8 60.
Bf3 a4 61. Bd5 a3 62. Rf7+ Kg8 63. Rb7+ Kf8 64. Rb8+ Kg7 65. Rg8+ Kh6 66. Kf6
Bd4+ 67. Ke6 Rxg6+ 68. Rxg6+ Kxg6 69. Kxd6 1/2-1/2

[Event "Najdorf Mem Open A 2016"]
[Site "Warsaw POL"]
[Date "2016.07.08"]
[Round "1.37"]
[White "Indjic, Aleksandar"]
[Black "Niekras, Dawid"]
[Result "1-0"]
[WhiteTitle "GM"]
[WhiteElo "2547"]
[BlackElo "2255"]
[WhiteFideId "911925"]
[BlackFideId "1160451"]
[EventDate "2016.07.08"]

1. d4 Nf6 2. c4 g6 3. Nc3 Bg7 4. Nf3 O-O 5. Bg5 d6 6. e3 c5 7. d5 e6 8. Nd2 exd5
9. cxd5 a6 10. a4 Nbd7 11. Be2 Re8 12. O-O Qc7 13. h3 h6 14. Bf4 Ne5 15. Bh2 Nh7
16. f4 Nd7 17. e4 Rb8 18. Kh1 f5 19. exf5 gxf5 20. Bd3 Ndf8 21. Qc2 Qf7 22. Nc4
Bxc3 23. Nxd6 Qd7 24. Nxc8 Ba5 25. Bxf5 Qd8 26. Bxh7+ Nxh7 27. Qg6+ Kh8 28. Nd6 1-0

[Event "Najdorf Mem Open A 2016"]
[Site "Warsaw POL"]
[Date "2016.07.08"]
[Round "1.38"]
[White "Andre, Gordon"]
[Black "Golubov, Saveliy"]
[Result "1-0"]
[BlackTitle "IM"]
[WhiteElo "2254"]
[BlackElo "2497"]
[WhiteFideId "4655354"]
[BlackFideId "24176729"]
[EventDate "2016.07.08"]

1. d4 Nf6 2. c4 g6 3. Nc3 Bg7 4. e4 d6 5. f3 O-O 6. Nge2 c5 7. d5 Nbd7 8. Ng3 a6
9. a4 Ne8 10. Bd3 Ne5 11. Be2 e6 12. O-O exd5 13. cxd5 h5 14. Qc2 Nc7 15. Be3
Rb8 16. f4 Ng4 17. Bxg4 Bxg4 18. h3 Bd7 19. e5 Re8 20. Rad1 h4 21. Nge4 Bf5 22.
Qf2 dxe5 23. Bxc5 exf4 24. Qxf4 Be5 25. Qh6 Bg7 26. Qf4 Be5 27. Qf2 b5 28. d6
Na8 29. axb5 axb5 30. Bd4 Nb6 31. d7 Re6 32. Bxe5 Rxe5 33. Qf4 f6 34. Nxf6+ Qxf6
35. d8=Q+ Rxd8 36. Rxd8+ Kg7 37. Rb8 Re7 38. Rd1 b4 39. Qxb4 1-0

[Event "Najdorf Mem Open A 2016"]
[Site "Warsaw POL"]
[Date "2016.07.08"]
[Round "1.39"]
[White "Nakar, Eylon"]
[Black "Michalczak, Thomas"]
[Result "1-0"]
[WhiteTitle "IM"]
[BlackTitle "FM"]
[WhiteElo "2494"]
[BlackElo "2249"]
[WhiteFideId "2811111"]
[BlackFideId "4622634"]
[EventDate "2016.07.08"]

1. e4 e5 2. Nf3 Nf6 3. Nxe5 d6 4. Nf3 Nxe4 5. Nc3 Nf6 6. d4 d5 7. Bd3 Bg4 8. Bg5
Be7 9. h3 Bh5 10. g4 Bg6 11. Ne5 Bxd3 12. Qxd3 c6 13. O-O-O Nxg4 14. hxg4 Bxg5+
15. Kb1 h6 16. Qf5 O-O 17. f4 Bf6 18. g5 Bxe5 19. gxh6 Qf6 20. Qd3 Bxd4 21. hxg7
Qxg7 22. Ne2 Bc5 23. Rh5 Nd7 24. Rg5 Rae8 25. Qg3 1-0

[Event "Najdorf Mem Open A 2016"]
[Site "Warsaw POL"]
[Date "2016.07.08"]
[Round "1.40"]
[White "Kenneskog, Theodor"]
[Black "Warakomski, Tomasz"]
[Result "1-0"]
[WhiteTitle "FM"]
[BlackTitle "IM"]
[WhiteElo "2249"]
[BlackElo "2492"]
[WhiteFideId "1715011"]
[BlackFideId "1124552"]
[EventDate "2016.07.08"]

1. d4 d6 2. e4 Nf6 3. f3 e5 4. Ne2 Be7 5. c4 Nfd7 6. Nbc3 c6 7. d5 Nb6 8. Ng3
cxd5 9. cxd5 g6 10. Bb5+ N6d7 11. a4 h5 12. O-O a6 13. Be2 h4 14. Nh1 Qb6+ 15.
Nf2 a5 16. Nb5 Na6 17. Na3 Nac5 18. Nc4 Qd8 19. Be3 O-O 20. Ra3 f5 21. exf5 gxf5
22. f4 e4 23. Bd4 b6 24. Rh3 Ba6 25. Ne3 Bxe2 26. Qxe2 Qe8 27. Nxf5 1-0

[Event "Najdorf Mem Open A 2016"]
[Site "Warsaw POL"]
[Date "2016.07.08"]
[Round "1.41"]
[White "Aryan, Chopra"]
[Black "Zochowski, Kacper"]
[Result "1/2-1/2"]
[WhiteTitle "IM"]
[WhiteElo "2483"]
[BlackElo "2248"]
[WhiteFideId "5084423"]
[BlackFideId "1125494"]
[EventDate "2016.07.08"]

1. e4 c5 2. Nf3 d6 3. d4 cxd4 4. Nxd4 Nf6 5. Nc3 a6 6. Be3 Ng4 7. Bc1 Nf6 8. f3
e6 9. Be3 b5 10. Qd2 Bb7 11. O-O-O Nbd7 12. g4 Nb6 13. a3 Rc8 14. Kb1 Nfd7 15.
Bg5 Be7 16. Bxe7 Qxe7 17. Nb3 d5 18. exd5 Nxd5 19. Nxd5 Bxd5 20. Qe3 Bxb3 21.
Qxb3 O-O 22. h4 Ne5 23. h5 Rfd8 24. Be2 Nc4 25. Bxc4 Rxc4 26. Qe3 h6 27. b3 Rcc8
28. Rxd8+ Rxd8 29. Kb2 a5 30. Qb6 a4 31. Qa5 axb3 32. Kxb3 Qf6 33. Qc3 Qf4 34.
Re1 Rd5 35. Kb2 Kh7 36. Re4 Qg3 37. Rb4 Qg1 38. Ka2 Qd1 39. Re4 Qg1 40. Re1 Qf2
41. Kb2 Kg8 42. Re3 Qh2 43. Rd3 Rxd3 44. Qxd3 Qe5+ 45. Kb3 f5 46. gxf5 exf5 47.
Kb4 f4 48. Qxb5 Qb2+ 49. Ka4 Qxc2+ 50. Qb3+ Qxb3+ 51. Kxb3 g5 52. hxg6 h5 53. a4
h4 54. a5 h3 55. a6 h2 56. a7 h1=Q 57. a8=Q+ Kg7 58. Qb7+ Kxg6 59. Qe4+ Kg5 60.
Qe5+ Kg6 61. Qe6+ Kg7 62. Qg4+ Kf6 63. Qxf4+ Ke6 64. Kc2 Qa1 65. Qc4+ Kf5 66.
Qg4+ Kf6 67. Qf4+ Ke6 68. Qc4+ Kf5 69. Qd3+ Kf6 70. Qd6+ Kf5 71. Qd5+ Qe5 72.
Qf7+ Qf6 73. Qc4 Qe5 74. Qg4+ Kf6 75. Qh4+ Qg5 76. Qh8+ Kf5 77. Kd3 Kf4 78. Qf8+
Qf5+ 1/2-1/2

[Event "Najdorf Mem Open A 2016"]
[Site "Warsaw POL"]
[Date "2016.07.08"]
[Round "1.42"]
[White "Szostko, Jakub"]
[Black "Tabatabaei, M.amin"]
[Result "0-1"]
[WhiteTitle "FM"]
[BlackTitle "IM"]
[WhiteElo "2246"]
[BlackElo "2481"]
[WhiteFideId "1174282"]
[BlackFideId "12521213"]
[EventDate "2016.07.08"]

1. e4 e5 2. Nf3 Nc6 3. Bb5 a6 4. Bxc6 dxc6 5. O-O f6 6. d4 Bg4 7. c3 exd4 8.
cxd4 Qd7 9. Be3 O-O-O 10. Nbd2 Ne7 11. b4 Ng6 12. Qc2 f5 13. exf5 Bxf5 14. Qc3
Bd6 15. Nc4 Be4 16. Nxd6+ Qxd6 17. Nd2 Bd5 18. Nc4 Qe6 19. Ne5 Nxe5 20. dxe5
Bxa2 21. Rad1 Rxd1 22. Rxd1 Bd5 23. f3 Re8 24. Bd4 g5 25. h3 h5 26. Rf1 Qg6 27.
Qe3 Kd7 28. Bc3 Rg8 29. Rf2 Ke6 30. Qd2 Qf5 31. Qe3 Rf8 32. Bd2 Rg8 33. Bc3 Kd7
34. Qd2 Kc8 35. Qe3 Kb8 36. Qd2 Qc8 37. f4 gxf4 38. Kh2 Qf5 39. Qd4 Qg5 40. Bd2
Qxg2+ 0-1

[Event "Najdorf Mem Open A 2016"]
[Site "Warsaw POL"]
[Date "2016.07.08"]
[Round "1.43"]
[White "Dastan, Muhammed Batuhan"]
[Black "Strugnell, Carl"]
[Result "1-0"]
[WhiteTitle "IM"]
[BlackTitle "FM"]
[WhiteElo "2480"]
[BlackElo "2238"]
[WhiteFideId "6300014"]
[BlackFideId "616753"]
[EventDate "2016.07.08"]

1. e4 e5 2. Bc4 Nf6 3. d3 c6 4. Nf3 d5 5. Bb3 Bb4+ 6. Bd2 Bxd2+ 7. Qxd2 Qd6 8.
Qg5 Nbd7 9. Nc3 O-O 10. exd5 h6 11. Qg3 Nh5 12. Qh4 Nf4 13. O-O-O cxd5 14. d4 e4
15. Ne5 g5 16. Qg3 Kg7 17. h4 f6 18. Ng4 Nb6 19. Nxh6 Rh8 20. hxg5 f5 21. Rh4 1-0

[Event "Najdorf Mem Open A 2016"]
[Site "Warsaw POL"]
[Date "2016.07.08"]
[Round "1.44"]
[White "Wisniewski, Michal"]
[Black "Smirnov, Anton"]
[Result "0-1"]
[BlackTitle "IM"]
[WhiteElo "2235"]
[BlackElo "2478"]
[WhiteFideId "1159682"]
[BlackFideId "3208923"]
[EventDate "2016.07.08"]

1. e4 e6 2. d4 d5 3. exd5 exd5 4. Nf3 Nf6 5. Bg5 h6 6. Bh4 Be6 7. Nbd2 Nbd7 8.
Bd3 Be7 9. c3 O-O 10. O-O b6 11. Re1 c5 12. Qc2 Re8 13. Bf5 Nf8 14. Ne5 Qc8 15.
Bxe6 Nxe6 16. Qd3 Nd7 17. Bxe7 Rxe7 18. Ndf3 Nxe5 19. Rxe5 Nf4 20. Qe3 Rxe5 21.
Nxe5 Qf5 22. g3 Ne6 23. Qf3 Qxf3 24. Nxf3 cxd4 25. Nxd4 Nxd4 26. cxd4 Rc8 27.
Re1 Kf8 28. Re2 Rc4 29. Rd2 Rc1+ 30. Kg2 Ke7 31. Kf3 Ke6 32. h4 a5 33. Re2+ Kd6
34. Ke3 b5 35. Kd3 b4 36. Rc2 Rd1+ 37. Rd2 Ra1 38. b3 Rc1 39. Rc2 Rxc2 40. Kxc2
Ke6 41. Kd3 Kf5 42. f3 h5 43. Ke3 g5 44. hxg5 Kxg5 45. Kf2 h4 46. Kg2 hxg3 47.
Kxg3 Kf5 48. Kg2 Kf4 49. Kf2 f6 50. Kg2 Ke3 51. Kg3 f5 0-1

[Event "Najdorf Mem Open A 2016"]
[Site "Warsaw POL"]
[Date "2016.07.08"]
[Round "1.45"]
[White "Puranik, Abhimanyu"]
[Black "Dabrowska, Krystyna"]
[Result "1-0"]
[WhiteTitle "IM"]
[BlackTitle "WGM"]
[WhiteElo "2475"]
[BlackElo "2228"]
[WhiteFideId "5061245"]
[BlackFideId "1104454"]
[EventDate "2016.07.08"]

1. e4 e5 2. Nf3 Nc6 3. Bb5 g6 4. d4 exd4 5. Bg5 Be7 6. Bxe7 Ngxe7 7. Nxd4 d5 8.
e5 Bd7 9. Bxc6 Nxc6 10. O-O O-O 11. Nxc6 Bxc6 12. Qd4 f6 13. Re1 fxe5 14. Rxe5
Re8 15. Rxe8+ Qxe8 16. Nc3 Rd8 17. Rd1 Rd6 18. h4 b6 19. Rd3 Qf7 20. Rf3 Qg7 21.
Qg4 Qd7 22. Qf4 Qg7 23. Ne2 Re6 24. Ng3 h5 25. Rc3 Qf7 26. Qd2 Qf6 27. b4 Qe5
28. f4 Qd6 29. f5 Rf6 30. Qg5 d4 31. Ra3 Kf8 32. Rxa7 Ke8 33. Rxc7 gxf5 34.
Qxh5+ Kd8 35. Rg7 Rf8 36. Qg5+ Kc8 37. Nxf5 Qxb4 38. Ne7+ 1-0